Home Print Resources E-Books E-Journals IIMT Lecture Series Library Membership Form Book Recommendation Form Campus Tour Take AdmissionAbout Us Contact Us

Academic dictionary of film television and theatre (Record no. 8978)

000 -LEADER
fixed length control field 00369nam a2200145Ia 4500
003 - CONTROL NUMBER IDENTIFIER
control field OSt
005 - DATE AND TIME OF LATEST TRANSACTION
control field 20231227065853.0
008 - FIXED-LENGTH DATA ELEMENTS--GENERAL INFORMATION
fixed length control field 170524s9999 xx 000 0 und d
020 ## - INTERNATIONAL STANDARD BOOK NUMBER
International Standard Book Number 8182052632
040 ## - CATALOGING SOURCE
Transcribing agency IIMT UNIVERSITY
100 ## - MAIN ENTRY--PERSONAL NAME
Personal name Pandey asihsh
245 #0 - TITLE STATEMENT
Title Academic dictionary of film television and theatre
260 ## - PUBLICATION, DISTRIBUTION, ETC.
Name of publisher, distributor, etc. New Delhi: Isha Books
942 ## - ADDED ENTRY ELEMENTS (KOHA)
Source of classification or shelving scheme
Koha item type Text-Book- for 7 days
Holdings
Withdrawn status Lost status Source of classification or shelving scheme Damaged status Not for loan Home library Current library Date acquired Total Checkouts Barcode Date last seen Date last checked out Uniform Resource Identifier Price effective from Koha item type Checked out
          IIMT University Central Library Meerut IIMT University Central Library Meerut 05/29/2017 1 01-B-93792 10/18/2022 10/10/2022 Mass Communication and Journalism 05/29/2017 Book Bank  
          IIMT University Central Library Meerut IIMT University Central Library Meerut 05/29/2017   01-B-93793 05/29/2017   Mass Communication and Journalism 05/29/2017 Book Bank  
          IIMT University Central Library Meerut IIMT University Central Library Meerut 05/29/2017 1 01-B-93794 11/09/2017 10/27/2017 Mass Communication and Journalism 05/29/2017 Reference Book  
          IIMT University Central Library Meerut IIMT University Central Library Meerut 05/29/2017 1 01-B-93795 12/19/2017 12/19/2017 Mass Communication and Journalism 05/29/2017 Book Bank 01/16/2018
IIMT, Central Library. All Rights Reserved IIMT,UNIVERSITY © 2023
Implemented and Customised by I CLOUDE EMS
You Are OPAC Visitor No
free web counter

Powered by Koha